| 000 | 00516nam a2200193Ia 4500 | ||
|---|---|---|---|
| 005 | 20250923145121.0 | ||
| 008 | 008 250917s9999 xx 000 0 eng d | ||
| 037 | _aTextual | ||
| 040 |
_aDSWL _beng _cDSWL |
||
| 041 |
_aeng _2eng |
||
| 084 |
_a2:970gsz, N64 _qDSWL |
||
| 245 | 0 |
_aData archives for the social science _cEd.by Stein Rokkan |
|
| 260 |
_aParis _c1966 |
||
| 300 | _avi,86 p. | ||
| 365 |
_aINR _b11 |
||
| 925 | _g11 | ||
| 942 |
_cTEXL _h2:970gsz, N64 |
||
| 999 |
_c1447348 _d1447348 |
||